| 000 | 00539nam a2200181Ia 4500 | ||
|---|---|---|---|
| 003 | GCL | ||
| 008 | 140319s9999 xx 000 0 ara d | ||
| 040 |
_aGCL / _cGCL |
||
| 082 | 0 | 4 |
_a028.5 _bم ب |
| 100 | 1 | _aلطفى وحيد | |
| 245 | 1 | 0 |
_aبنك المعلومات كل سؤال له جواب ج3 / _cلطفى وحيد |
| 300 |
_a ؛ _c24 سم |
||
| 490 |
_aالسلسلة العلمية _v0 |
||
| 650 | 0 | 4 | _aالثقافة الذاتية |
| 650 | 0 | 4 | _aالمعرفة |
| 650 | 0 | 4 | _aالمعلومات العامه |
| 942 |
_2ddc _cBK |
||
| 999 |
_c48107 _d48107 |
||